भारतीय नारी का धर्मशास्त्रीय अध्ययन / (Record no. 48422)

MARC details
000 -LEADER
fixed length control field 01227nam a22002537a 4500
005 - DATE AND TIME OF LATEST TRANSACTION
control field 20101013142843.0
008 - FIXED-LENGTH DATA ELEMENTS--GENERAL INFORMATION
fixed length control field 101012t xxu||||| |||| 00| 0 hin d
010 ## - LCCN (DPL NO)
LC control number HIN-90875
020 ## - INTERNATIONAL STANDARD BOOK NUMBER
International Standard Book Number 8189076191
Terms of availability 300.00
035 ## - SYSTEM CONTROL NUMBER
System control number HN-63221
037 ## - SOURCE OF ACQUISITION
Source of stock number/acquisition DBAD / PUB
040 ## - CATALOGING SOURCE
Original cataloging agency DPL
Language of cataloging HN
082 ## - DEWEY DECIMAL CLASSIFICATION NUMBER
Classification number 200.820 954
100 ## - MAIN ENTRY--PERSONAL NAME
Personal name श्रीवास्तव, पूजा
9 (RLIN) 23391
245 ## - TITLE STATEMENT
Title भारतीय नारी का धर्मशास्त्रीय अध्ययन /
Statement of responsibility, etc पूजा श्रीवास्तव
246 ## - VARYING FORM OF TITLE
Title proper/short title Bhartiya nari dharmshashtriya addhyayan
Remainder of title by Pooja Shrivastava
260 ## - PUBLICATION, DISTRIBUTION, ETC. (IMPRINT)
Place of publication, distribution, etc कानपुर
Name of publisher, distributor, etc अराधना ब्रदर्स
Date of publication, distribution, etc 2009
270 ## - ADDRESS
Address 124/152-सी ब्लाक, गोविन्द नगर
City कानपुर
Postal code 208006
Telephone number 0512-2651490, (#) 9935007102
300 ## - PHYSICAL DESCRIPTION
Extent 213पृ.
Dimensions 22सेमी (सजिल्द)
650 ## - SUBJECT ADDED ENTRY--TOPICAL TERM
9 (RLIN) 657
700 ## - ADDED ENTRY--PERSONAL NAME
9 (RLIN) 23392
942 ## - ADDED ENTRY ELEMENTS (KOHA)
Source of classification or shelving scheme Dewey Decimal Classification
Item type Bengali Books
Classification part 200.820 954
Call number suffix श्रीवास्त
Holdings
Withdrawn status Lost status Source of classification or shelving scheme Damaged status Not for loan Collection code Home library Current library Date acquired Source of acquisition Cost, normal purchase price Total Checkouts Full call number Barcode Date last seen Copy number Cost, replacement price Koha item type
    Dewey Decimal Classification   Not For Loan Non-fiction D.B.Act.Division D.B.Act.Division 13/10/2010 DBAD / PUB 300.00   200.820 954 श्रीवास्त HN-63221 13/10/2010 1 300.00 Bengali Books

© Delhi Public Library
Hit Counter
free hit counter